| 000 | 00847nam0a22002651 4500 | ||
|---|---|---|---|
| 001 | v19\rc\1294553 | ||
| 005 | 20250618015259.0 | ||
| 035 | _a(NLR Aleph) 004441432 | ||
| 090 |
_a4408102 _c4408102 |
||
| 100 | _a20060306d1861 |||y0rusy50 ca | ||
| 101 | 0 | _arus | |
| 102 | _aRU | ||
| 105 | _ay z |||e| | ||
| 200 | 1 |
_aВоля каждого драгоценный подарок крестьянам _eПисьмо помещика Чеснолюбова к бурмистру Краснобаеву _fСоч. В.Д. |
|
| 210 |
_aМосква _cтип. Александра Семена _d1861 |
||
| 215 | _a7 с. | ||
| 701 | 0 | _aВ. Д. | |
| 801 | 0 |
_aRU _bNLR _gpsbo |
|
| 801 | 0 |
_aRU _bRuMoRGB _2psbo |
|
| 801 | 1 |
_aRU _bProSoft-M _2rusmarc |
|
| 852 |
_aNLR _j18.232.5.72 |
||
| 899 | _aБАН | ||
| 899 | _aНБ СПбГУ | ||
| 942 | _cBOOK | ||
| 980 | _aNB | ||